| 000 | 00617cam a22002293a 4500 | ||
|---|---|---|---|
| 001 | 15614 | ||
| 003 | PGUSA | ||
| 005 | 20140828083332.0 | ||
| 008 | 050413s2005||||xxu|||||s|||||000 | eng d | ||
| 040 |
_aPGUSA _beng |
||
| 042 | _adc | ||
| 050 | 4 | _aPS | |
| 100 | 1 |
_aMacGrath, Harold, _d1871-1932 |
|
| 245 | 1 | 4 |
_aThe Ragged Edge _h[electronic resource] / _cHarold MacGrath |
| 260 |
_bProject Gutenberg, _c2005 |
||
| 506 | _aPublic domain in the USA. | ||
| 516 | _aElectronic text | ||
| 653 | _aLove stories | ||
| 830 | 0 |
_aProject Gutenberg _v15614 |
|
| 856 | 4 | 0 | _uhttp://www.gutenberg.org/ebooks/15614 |
| 942 | _cEB | ||
| 999 |
_c244869 _d244869 |
||